Tecnología : finalidad educativa y acercamiento didáctico /
Guardado en:
| Autor Principal: | |
|---|---|
| Otros Autores: | |
| Formato: | Libro |
| Publicado: |
Buenos Aires :
Conicet,
1995
|
| Materias: | |
| Etiquetas: |
Agregar Etiqueta
Sin Etiquetas, Sea el primero en etiquetar este registro!
|
| LEADER | 01063nam a22002775a 4500 | ||
|---|---|---|---|
| 001 | CEM.cems009602 | ||
| 005 | 20190830134939.0 | ||
| 008 | 130507s1995##################000#0#####d | ||
| 003 | CEMS | ||
| 020 | |a 9506870187 | ||
| 082 | 0 | 4 | |a 371.41 |
| 100 | 1 | |a Doval, Luis | |
| 245 | 1 | 0 | |a Tecnología : |b finalidad educativa y acercamiento didáctico / |c Lus Doval y Aquiles Gay |
| 260 | |a Buenos Aires : |b Conicet, |c 1995 | ||
| 300 | |a 256 p. | ||
| 500 | |a Pro Ciencia Conicet Programa de Perfeccionamieto Docente | ||
| 505 | 0 | |a Educación tecnológica: conceptos generales -- Didáctica específica y propuestas de trabajo -- Referencias sobre algunas tecnologías específicas | |
| 653 | |a Educación | ||
| 653 | |a Tecnología | ||
| 653 | |a Educación tecnológica | ||
| 653 | |a Tecnología educativa | ||
| 700 | 1 | |a Gay, Aquiles | |
| 859 | |a CEMS |b BIB. CEMS - 11 de abril |h 371.41 |i D75 |p 19416.97 |t Ej.1 | ||
| 859 | |a CEMS |b BIB. CEMS - 11 de abril |h 371.41 |i D75 |p 19417.97 |t Ej.2 | ||
| 859 | |a CEMS |b BIB. CEMS - 11 de abril |h 371.41 |i D75 |p 19418.97 |t Ej.3 | ||
| 859 | |a CEMS |b BIB. CEMS | ||
